Revitalizing the state: options for India (Record no. 43515)

000 -LEADER
fixed length control field 01247pab a2200169 454500
008 - FIXED-LENGTH DATA ELEMENTS--GENERAL INFORMATION
fixed length control field 180718b1999 xxu||||| |||| 00| 0 eng d
100 ## - MAIN ENTRY--PERSONAL NAME
Personal name Khandwalla, Pradip N.
245 ## - TITLE STATEMENT
Title Revitalizing the state: options for India
260 ## - PUBLICATION, DISTRIBUTION, ETC.
Date of publication, distribution, etc. 1999
300 ## - PHYSICAL DESCRIPTION
Extent p.198-212
362 ## - DATES OF PUBLICATION AND/OR SEQUENTIAL DESIGNATION
Dates of publication and/or sequential designation Jul-Sep
520 ## - SUMMARY, ETC.
Summary, etc. Successful experiments in governance the world over suggest a number of options for revitalizing the Indian state. These include options for achieving fairer representation in the legislature, for selecting in good and selecting out bad candidates for election, for professionalizing politics, for stabilizing fragile governments, and for professionalizing political executives. Based on the lessons of successful efforts in several Commonwealth and East Asian countries, options are discussed concerning the revitalization of the Indian bureaucracy. These include creative fragmentation of the monolithic bureaucracy, options for strengthening the responsiveness of public agencies to the public, options for revamping justice, options for energizing the management of social development, selective privatization, and selective deregulation. - Reproduced
650 ## - SUBJECT ADDED ENTRY--TOPICAL TERM
Topical term or geographic name entry element State
650 ## - SUBJECT ADDED ENTRY--TOPICAL TERM
Topical term or geographic name entry element Bureaucracy
773 ## - HOST ITEM ENTRY
Main entry heading Productivity
909 ## -
-- 43515
Holdings
Withdrawn status Lost status Damaged status Not for loan Permanent Location Current Location Date acquired Serial Enumeration / chronology Barcode Date last seen Price effective from Koha item type
        Indian Institute of Public Administration Indian Institute of Public Administration 2018-07-19 Volume no: 40, Issue no: 2 AR43911 2018-07-19 2018-07-19 Articles

Powered by Koha